Problems of brucellosis in India (Record no. 83287)

MARC details
000 -LEADER
fixed length control field 01016cam a22003131 4500
001 - CONTROL NUMBER
control field sa 68010039
003 - CONTROL NUMBER IDENTIFIER
control field DLC
005 - DATE AND TIME OF LATEST TRANSACTION
control field 20260227112549.0
008 - FIXED-LENGTH DATA ELEMENTS--GENERAL INFORMATION
fixed length control field 820218s1967 ii b 000 0 eng
010 ## - LIBRARY OF CONGRESS CONTROL NUMBER
LC control number sa 68010039
025 ## - OVERSEAS ACQUISITION NUMBER
Overseas acquisition number PL480:I-E-9914
035 ## - SYSTEM CONTROL NUMBER
System control number (OCoLC)9799967
040 ## - CATALOGING SOURCE
Original cataloging agency DLC
Transcribing agency MnSU
Modifying agency DLC
042 ## - AUTHENTICATION CODE
Authentication code premarc
043 ## - GEOGRAPHIC AREA CODE
Geographic area code a-ii---
050 00 - LIBRARY OF CONGRESS CALL NUMBER
Classification number SF967.B7
Item number G3
082 ## - DEWEY DECIMAL CLASSIFICATION NUMBER
Classification number 636.089/69/57
100 1# - MAIN ENTRY--PERSONAL NAME
Personal name Gangulee, P. C.
245 10 - TITLE STATEMENT
Title Problems of brucellosis in India
Statement of responsibility, etc. [by] P. C. Gangulee, G. L. Sharma and G. P. Sen.
260 ## - PUBLICATION, DISTRIBUTION, ETC.
Place of publication, distribution, etc. New Delhi,
Name of publisher, distributor, etc. Indian Council of Agricultural Research
Date of publication, distribution, etc. [1967]
300 ## - PHYSICAL DESCRIPTION
Extent 22 p.
Dimensions 24 cm.
490 1# - SERIES STATEMENT
Series statement I.C.A.R. technical bulletin (anim. husb.)
Volume/sequential designation no. 7
504 ## - BIBLIOGRAPHY, ETC. NOTE
Bibliography, etc. note Bibliography: p. 18-22.
650 #0 - SUBJECT ADDED ENTRY--TOPICAL TERM
Topical term or geographic name entry element Brucellosis in cattle.
650 #0 - SUBJECT ADDED ENTRY--TOPICAL TERM
Topical term or geographic name entry element Brucellosis.
700 1# - ADDED ENTRY--PERSONAL NAME
Personal name Sharma, G. L.,
Relator term joint author.
700 1# - ADDED ENTRY--PERSONAL NAME
Personal name Sen, G. P.,
Relator term joint author.
810 2# - SERIES ADDED ENTRY--CORPORATE NAME
Corporate name or jurisdiction name as entry element Indian Council of Agricultural Research.
Title of a work I.C.A.R. technical bulletin (anim. husb.) ;
Volume/sequential designation no. 7.

No items available.

Powered by Koha